| 000 | 00355nam a2200145Ia 4500 | ||
|---|---|---|---|
| 008 | 210210b1977 xxu||||| |||| 00| 0 eng d | ||
| 082 | _a535.4 OSTH | ||
| 100 | _aDENISYUK (Yu N). | ||
| 245 | _aHolography & its applications. | ||
| 260 |
_aMoscow _bMir Publishers _c1977 |
||
| 300 | _a271 | ||
| 650 | _aHolography | ||
| 690 | _aOptics | ||
| 906 | _aSG00403 | ||
| 999 |
_c111611 _d111611 |
||